It looks like you're offline.
Open Library logo
additional options menu

MARC Record from Scriblio

Record ID marc_records_scriblio_net/part17.dat:126958975:803
Source Scriblio
Download Link /show-records/marc_records_scriblio_net/part17.dat:126958975:803?format=raw

LEADER: 00803cam 2200253 a 4500
001 84175194 //r94
003 DLC
005 19940331080822.0
008 840618s1984 alua b 00110 eng
010 $a 84175194 //r94
020 $a0896890473 :$c$29.95
040 $aDLC$cDLC$dDLC
043 $an------$an-ust--
050 00 $aE98.P8$bB33 1984
082 00 $a738.3/08997$219
100 10 $aBarry, John Willard,$d1934-
245 10 $aAmerican Indian pottery :$ban identification and value guide /$cby John W. Barry.
250 $aRev. ed.
260 0 $aFlorence, Ala. :$bBooks Americana,$cc1984.
300 $a214 p. :$bill. (some col.) ;$c29 cm.
504 $aBibliography: p. 205-208.
500 $aIncludes indexes.
650 0 $aIndian pottery$zUnited States.
650 0 $aIndian pottery$zSouthwest, New.